| 000 | 01449cam a2200349 i 4500 | ||
|---|---|---|---|
| 001 | 21445184 | ||
| 003 | EG-ScBUE | ||
| 005 | 20240521103310.0 | ||
| 008 | 200224s2019 stka f b 001 0 eng d | ||
| 020 | _a9780702072260 | ||
| 040 |
_aDLC _beng _erda _cDLC _dEG-ScBUE |
||
| 082 | 0 | 4 |
_a612 _222 _bSOA |
| 100 | 1 |
_aSoames, Roger, _eauthor. |
|
| 245 | 1 | 0 |
_aAnatomy and human movement : _bstructure and function / _cRoger Soames, BSc, PhD, Professor Emeritus, University of Dundee, Dundee, UK, Nigel Palastanga, MA, BA, FCSP, DMS, DipTP, Professor Emeritus, University of Wales, Cardiff, UK ; illustrations by Paul Richardson. |
| 250 | _aSeventh edition. | ||
| 264 | 1 |
_aEdinburgh ; _aNew York : _bElsevier, _c2019. |
|
| 300 |
_ax, 667 pages : _bcolor illustrations ; _c24 cm. |
||
| 336 |
_atext _btxt _2rdacontent |
||
| 337 |
_aunmediated _bn _2rdamedia |
||
| 338 |
_avolume _bnc _2rdacarrier |
||
| 490 | 0 | _aPhysiotherapy essentials | |
| 500 | _aRevision of: Anatomy and human movement / Nigel P. Palastanga, Roger Soames. 2012. 6th ed. | ||
| 504 | _aIncludes bibliographical references and index. | ||
| 650 | 7 |
_aHuman mechanics. _2BUEsh |
|
| 650 | 7 |
_aHuman anatomy. _2BUEsh |
|
| 653 |
_cMay2024 _bPT |
||
| 655 | _vReading book | ||
| 700 | 1 |
_aPalastanga, Nigel, _eauthor. |
|
| 906 |
_a7 _bcbc _corigcop _d2 _encip _f20 _gy-gencatlg |
||
| 942 |
_2ddc _cBB |
||
| 999 |
_c30739 _d30710 |
||